000 00731nam a2200229 a 4500
005 20240607063643.0
008 160211s2011 mx r 000 0 spa d
020 _a9788471337955
035 _aUPN01000208143
049 _aCG
050 4 _aQA278
_bP3.3
100 1 _aPalmer Pol, Alfonso Luis
_938545
245 1 0 _aAnálisis de datos en el diseño unifactorial de medidas repetidas /
_cAlfonso Luis Palmer Pol.
260 _aMadrid :
_bLa Muralla,
_cc2011.
300 _a188 p. :
_btablas
440 0 _aCuadernos de estadística ;
_v39
650 4 _aANALISIS ESTADISTICO MULTIVARIABLE
_9561
650 2 _aAnálisis de datos
_9269
650 4 _aEstadística
_xEstudio y enseñanza
_99192
905 _aLibro
999 _c180244
_d180244